000 00343nam a2200109Ia 4500
008 171204s9999 xx 000 0 und d
245 _aPredatory Pricing in Antitrust Law and Economics: A Historical Perspective:
245 _cNicola Giocoli
260 _c2014
650 _xBUSINESS LAW
856 _uhttp://down.ebook777.com/053/0415822521.pdf
999 _c345660
_d345660